书目信息 |
| 题名: |
中国哲学史
|
|
| 作者: | 任继愈 主编 | |
| 分册: | 第二册 两汉魏晋南北朝部分 | |
| 出版信息: | 北京 人民出版社 1979.03 |
|
| 页数: | 301页 | |
| 开本: | 20cm | |
| 丛书名: | ||
| 单 册: | ||
| 中图分类: | B2 | |
| 科图分类: | ||
| 主题词: | 哲学--中国 | |
| 电子资源: | ||
| ISBN: | ||
| 000 | 00624nam0 2200217 45 | |
| 001 | 0303070984 | |
| 005 | 20060813164742.46 | |
| 010 | @dCNY0.71 | |
| 091 | @a2001.115 | |
| 100 | @a20030307d1979 km y0chiy0120 ea | |
| 101 | 0 | @achi |
| 200 | 1 | @a中国哲学史@AZhong Guo Zhe Xue Shi@h第二册@i两汉魏晋南北朝部分@f任继愈主编@FRen Ji Yu Zhu Bian |
| 205 | @a2版 | |
| 210 | @a北京@c人民出版社@d1979.03 | |
| 215 | @a301页@d20cm | |
| 517 | @a两汉魏晋南北朝部分@ALiang Han Wei Jin Nan Bei Chao Bu Fen | |
| 606 | 0 | @a哲学@x中国 |
| 690 | @aB2@v3 | |
| 701 | 0 | @a任继愈@4主编 |
| 801 | @aCN@bTSTC@c20060813 | |
| 905 | @dB2@e1:2=2@f1@b22302 | |
| 中国哲学史.第二册.两汉魏晋南北朝部分/任继愈主编.-2版.-北京:人民出版社,1979.03 |
| 301页;20cm |
| ISBN :CNY0.71 |
| ● |
| 相关链接 |
|
|
|
|
正题名:中国哲学史
索取号:B2/1:2=2
 
预约/预借
| 序号 | 登录号 | 条形码 | 馆藏地/架位号 | 状态 | 备注 |
| 1 | 0448900 | 204489008 | 密集书库/ [索取号:B2/1:2=2] | 在馆 | |
| 2 | 0448901 | 204489017 | 密集书库/ [索取号:B2/1:2=2] | 在馆 | |
| 3 | 0448902 | 204489026 | 密集书库/ [索取号:B2/1:2=2] | 在馆 | |
| 4 | 0448903 | 204489035 | 密集书库/ [索取号:B2/1:2=2] | 在馆 | |
| 5 | 0448904 | 204489044 | 密集书库/ [索取号:B2/1:2=2] | 在馆 | |
| 6 | 0459486 | 204594867 | 密集书库/ [索取号:B2/1:2=2] | 在馆 |